| 000 | 01437nam a2200361 a 4500 | ||
|---|---|---|---|
| 001 | ebr10660579 | ||
| 003 | CaPaEBR | ||
| 006 | m u | ||
| 007 | cr cn||||||||| | ||
| 008 | 121218s2013 enka sb 001 0 eng d | ||
| 010 | _z 2012047264 | ||
| 020 | _z9780470905500 (pbk. : alk. paper) | ||
| 020 | _z9781118473559 (e-book) | ||
| 040 |
_aCaPaEBR _cCaPaEBR |
||
| 035 | _a(OCoLC)847654222 | ||
| 050 | 1 | 4 |
_aR895 _b.P69 2013eb |
| 082 | 0 | 4 |
_a616.07/575 _223 |
| 100 | 1 | _aPowsner, Rachel A. | |
| 240 | 1 | 0 | _aEssentials of nuclear medicine physics |
| 245 | 1 | 0 |
_aEssentials of nuclear medicine physics and instrumentation _h[electronic resource] / _cRachel A. Powsner, Matthew R. Palmer, Edward R. Powsner. |
| 250 | _a3rd ed. | ||
| 260 |
_aChichester ; _aOxford ; _aHoboken, N.J. : _bWiley-Blackwell, _c2013. |
||
| 300 |
_aviii, 236 p. : _bill. |
||
| 504 | _aIncludes bibliographical references and index. | ||
| 533 |
_aElectronic reproduction. _bPalo Alto, Calif. : _cebrary, _d2013. _nAvailable via World Wide Web. _nAccess may be limited to ebrary affiliated libraries. |
||
| 650 | 0 | _aNuclear medicine. | |
| 650 | 0 | _aMedical physics. | |
| 655 | 7 |
_aElectronic books. _2local |
|
| 700 | 1 |
_aPalmer, Matthew R., _d1958- |
|
| 700 | 1 |
_aPowsner, Edward R., _d1926- |
|
| 710 | 2 | _aebrary, Inc. | |
| 856 | 4 | 0 |
_uhttp://site.ebrary.com/lib/rucke/Doc?id=10660579 _zAn electronic book accessible through the World Wide Web; click to view |
| 999 |
_c67820 _d67820 |
||